| 000 | 00816nam a2200205Ia 4500 | ||
|---|---|---|---|
| 003 | GCL | ||
| 008 | 140319s9999 xx 000 0 ara d | ||
| 040 |
_aGCL / _cGCL |
||
| 082 | 0 | 4 |
_a327.170569 _bم م |
| 245 | 1 | 0 |
_aملف اتفاقية واى ريفر : _bفى الفترة من 16 اكتوبر 1998 - الى 6 اغسطس 1999 |
| 260 |
_aالقاهرة : _bمركز الاهرام للتنظيم وتكنولوجيا المعلومات ، _c2003 |
||
| 300 |
_a2 مج ؛ _c40 سم |
||
| 650 | 0 | 4 | _aالنزاع العربى الاسرائيلى |
| 650 | 0 | 4 | _aالشرق الاوسط |
| 650 | 0 | 4 | _aالمعاهدات |
| 650 | 0 | 4 | _aالالتزامات الدولية |
| 650 | 0 | 4 | _aاسرائيل - اتفاقيات |
| 650 | 0 | 4 | _aاتفاقية واى ريفر - مقالات ومحاضرات |
| 942 |
_2ddc _cBK |
||
| 999 |
_c5668 _d5668 |
||